Statistics for Scottish Cup Winners

Click here to take the quiz!

General Stats

  • This quiz has been taken 2,454 times
  • The average score is 13 of 23

Answer Stats

HintAnswer% Correct
35xCeltic
100%
33xRangers
100%
7xAberdeen
93%
8xHearts
91%
1xDundee
89%
2xHibs
85%
2xDundee United
78%
3xKilmarnock
70%
2xMotherwell
69%
3xSt. Mirren
60%
2xFalkirk
54%
1xPartick Thistle
54%
10xQueen's Park
51%
2xDunfermline Athletic
47%
3xClyde
36%
1xGreenock Morton
36%
1xAirdrieonians
33%
1xDumbarton
32%
1xEast Fife
31%
2xThird Lanark
30%
2xRenton
13%
3xVale of Leven
13%
1xSt. Bernard's
9%

Score Distribution

Percentile by Number Answered

Percent of People with Each Score

Your Score History

You have not taken this quiz